Občania Slovenska si želajú zrušenie Mečiarových amnestií

Bibliographic Details
Main Authors: Čambalik, Martin (Author), Húska, Peter, 1978- (Author)
Format: Article
Language:Slovak
ISSN:1335-4671
Subjects:

MARC

LEADER 00000nab a2200000 a 4500
001 vtls000806741
003 SK-MaSNL
005 20260302150058.0
008 180206c2002 xo 0 slo
015 |a SNBRB2002/09-28760 
035 |a CLN000158396 
040 |a SNKBUCL  |b slo  |c SNKBUCL  |e AACR2 
041 0 |a slo 
044 |a xo  |c SK 
080 |a 343.293(437.6)  |2 UDC-MRF-SK2 
100 1 |a Čambalik, Martin  |4 aut  |9 268232 
245 1 0 |a Občania Slovenska si želajú zrušenie Mečiarových amnestií  |c Martin Čambalik, Peter Húska 
600 1 7 |a Mečiar, Vladimír,  |d 1942-  |2 SNKMA  |9 10144 
648 7 |a 1998  |2 SNK  |9 282348 
650 0 7 |a amnestia  |y 1998  |z Slovensko  |x snahy o zrušenie  |2 snkbucl  |9 839085 
655 7 |a články z novín a časopisov  |2 snkbucl  |9 267496 
700 1 |a Húska, Peter,  |d 1978-  |4 aut  |9 838535 
773 0 |x 1335-4671  |t Národná obroda  |g Roč. 13, č. 199 (27.8.2002), s. 1 a 2 
850 |a Slovenská národná knižnica v Martine 
852 |a SNK  |b KIS3GCP 
958 |a RBX 
999 |c 1356409  |d 1358339